000 00716 a2200193 4500
005 20080908155253.0
008 080908t xxu||||| |||| 00| 0 eng d
010 _aENG-87677
020 _c80.00
035 _aEN-71210
037 _bDBAD / PUB
082 _a378
245 _aHigher education
_bits social relevance
_cedited by S. Ravindranathan... [et. al.]
260 _aTirunelveli
_bManonmaniam Sundaranar University
_c2006
270 _aPublication Division
_bTirunelveli
_e627 012
300 _avi, 122 p.
_c22 cm ( Pbk)
942 _adpl
_cEN
_k378/HIG
_2ddc
_h378
_mHIG
999 _c6790
_d6790